000 00608nam a22001697a 4500
999 _c195234
_d195234
005 20230314131938.0
010 _aENG-136394
020 _a9789351431411
_c795.00
035 _aEN-119926
037 _bDBAD/PUB
082 _a340.076095441
245 _aMaharastra Judicial Servivies :
_bPreliminary Examination /
_cby Deep Trivedi
260 _bLexis Nexis
_aGurgoan
270 _a14th Floor ,Building No 10 ,Tower-B ,DLF Cyber City ,Phase 2
_bHaryana
_e122002
_k+91244774444
_l+91244774100
_mhelp.in@lenisnexis.com
300 _avii174p.
_c27cm(pbk)
942 _2ddc
_cEN
_h340.076095441
_mJUD